000 01178cam a2200229 4500
001 ##L132127
008 060112n2005 000 0 eng u
020 _a1842191713
035 _a(Sirsi) u132127
041 0 _aeng
050 0 4 _a332.6324
_c18
110 2 _aInvestment Property Forum
_92112
245 0 0 _aUnderstanding commercial property investment
_ba guide for financial advisers
260 _aLondon
_bSeven Dials
_c2005
300 _a36p.
_bill
_c21cm.
490 0 _aRICS Commercial Property Faculty Feature
520 _aThe guide is commissioned with funding from the Investment Property Forum Educational Trust, RICS and British Property Federation. Its aim is to present an overview of the commerical property investment market whilst demonstrating how it offers investors a range of positive attributes. Emphasis is placed on the need to understand the mechanics of the industry. There is also a large section dedicated to the acquistion of indirect exposure.
690 _aPROPERTY-COMMERCIAL PROPERTY-COMMERCIAL PROPERTY MARKET
710 2 _aRoyal Institution of Chartered Surveyors
_94900
710 2 _aBritish Property Federation
_91604
942 _n0
999 _c105026
_d105026